Księżyce Saturna - Statystyki

Ogólne statystyki
  • Ten quiz został rozwiązany 27 razy
  • Średni wynik to 9 z 66
Statystyki odpowiedzi
Numer Średnica km Nazwa % Poprawnych
VI 5150 Tytan
93%
IV 1118 Dione
36%
II 499 Enceladus
36%
V 1528 Rea
36%
IX 240 Febe
29%
I 397 Mimas
29%
XXXV 7 Daphnis
21%
XI 119 Epimeteusz
21%
VII 266 Hyperion
21%
XIX 18 Imir
21%
VIII 1436 Japet
21%
XVIII 20 Pan
21%
III 1060 Tetyda
21%
XV 32 Atlas
14%
X 178 Janus
14%
XIV 29 Kalipso
14%
XXXII 3 Methone
14%
XXXI 7 Narvi
14%
XX 22 Paaliaq
14%
XVII 84 Pandora
14%
XVI 100 Prometeusz
14%
LVIII 4 Saturn LVIII
14%
LX 4 Saturn LX
14%
LXIV 3 Saturn LXIV
14%
XXI 15 Tarvos
14%
XIII 24 Telesto
14%
LIII 0,5 Aegaeon
7%
XXXVI 6 Aegir
7%
XXVI 32 Albioriks
7%
LXV 4 Alvaldi
7%
LV 3 Angrboda
7%
XLIX 1 Anthe
7%
XXXVII 6 Bebhionn
7%
LXI 3 Beli
7%
XXXVIII 6 Bergelmir
7%
XXXIX 7 Bestla
7%
LIX 4 Eggther
7%
XXVIII 10 Erriapus
7%
XL 5 Farbauti
7%
XLI 4 Fenrir
7%
XLII 6 Fornjot
7%
LXVI 4 Geirrod
7%
LVII 3 Gerd
7%
LI 6 Greip
7%
LIV 4 Gridr
7%
LXII 4 Gunnlod
7%
XLIII 6 Hati
7%
XII 32 Helena
7%
XLIV 8 Hyrrokkin
7%
XXII 12 Ijiraq
7%
L 6 Jarnsaksa
7%
XLV 7 Kari
7%
XXIV 16 Kiviuq
7%
XLVI 6 Loge
7%
XXV 7 Mundilfari
7%
XXXIII 4 Pallene
7%
XXXIV 4 Polideukes
7%
XXIX 40 Siarnaq
7%
XXVII 8 Skathi
7%
XLVII 6 Skoll
7%
LVI 4 Skrymir
7%
XLVIII 6 Surtur
7%
XXIII 7 Suttungr
7%
LII 7 Tarqeq
7%
LXIII 4 Thiazzi
7%
XXX 7 Thrymr
7%
Nie znaleziono quizów pasujących do podanych kryteriów
Rozkład punktacji
Procent ludzi z każdym wynikiem
Percentyl według liczby udzielonych odpowiedzi
Twoja historia wyników
Nie rozwiązałeś tego quizu